000 01471nam a22003017a 4500
003 DO-SdBNP
005 20231206104443.0
008 210426b 2020 dr 00| 0 spa d
020 _a
040 _aBPMSU
_bspa
_cBPMSU
082 4 _aRD863.5
_bL693f 2020
_222
092 _a
100 1 _aLiao, Yuan-Fuei
_d
245 1 0 _a Fin fun fan /
_c Yuan-Fuei Liao ; ilustración: Elyoenay Tejada ; dirección general: Cledenin Veras ; diseño de método: Laura V. Sánchez-Vincitore
260 _aSanto Domingo:
_b Agencia de los Estados Unidos para el Desarrollo Internacional (USAID) ;
_bUniversidad Iberoamericana (UNIBE),
_c2020
300 _a9 p. :
_bils. ;
_c21 cm.
490 0 _aColección de Libros Decodificables USAID-Leer ;
_vD2
500 _3Los libros decodificables están compuestos de textos redactados con dificultad progresiva. Cada etapa decodificable enfatiza ciertas combinaciones de letras y sonidos tomando en cuenta el orden de frecuencia en la que aparecen en el idioma español, y el nivel de dificultad de la relación letra-sonidos.
505 0 _a Tipologías textuales -- Narración literaria -- Mensajes de textos
590 _aInventariado, 2023/VM
650 4 _aCuentos juveniles dominicanos
650 4 _aLiteratura juvenil dominicana
650 4 _aRedes sociales
_vCuentos juveniles.
650 4 _aLiteratura juvenil dominicana
700 1 _3 Tejada, Elyoenay
_eiss
910 _aVMateo V. Control de calidad. BPMSU
942 _2ddc
_cBK
999 _c14499
_d14499